000 00567cam a22002053a 4500
001 40732
003 PGUSA
005 20140828083917.0
008 120911s2012||||xxu|||||s|||||000 | eng d
040 _aPGUSA
_beng
042 _adc
100 1 _aAspinall, James
245 1 0 _aLiverpool a few years since
_h[electronic resource] /
_cJames Aspinall
260 _bProject Gutenberg,
_c2012
506 _aPublic domain in the USA.
516 _aElectronic text
830 0 _aProject Gutenberg
_v40732
856 4 0 _uhttp://www.gutenberg.org/ebooks/40732
942 _cEB
999 _c269984
_d269984